<?xml version="1.0" encoding="UTF-8"?>
<record
    xmlns:xsi="http://www.w3.org/2001/XMLSchema-instance"
    xsi:schemaLocation="http://www.loc.gov/MARC21/slim http://www.loc.gov/standards/marcxml/schema/MARC21slim.xsd"
    xmlns="http://www.loc.gov/MARC21/slim">

  <leader>01971nam a22002297a 4500</leader>
  <controlfield tag="003">0</controlfield>
  <controlfield tag="005">20241011095416.0</controlfield>
  <controlfield tag="008">241011b        xxu||||| |||| 00| 0 eng d</controlfield>
  <datafield tag="020" ind1=" " ind2=" ">
    <subfield code="a">9781032157931</subfield>
  </datafield>
  <datafield tag="050" ind1=" " ind2=" ">
    <subfield code="a">MT 1</subfield>
    <subfield code="b">.M55 2024</subfield>
  </datafield>
  <datafield tag="245" ind1=" " ind2=" ">
    <subfield code="a">Milestones in music education /</subfield>
    <subfield code="c">edited by Clint Randles.</subfield>
  </datafield>
  <datafield tag="260" ind1=" " ind2=" ">
    <subfield code="a">New York :</subfield>
    <subfield code="b">Routledge,</subfield>
    <subfield code="c">2023.</subfield>
  </datafield>
  <datafield tag="300" ind1=" " ind2=" ">
    <subfield code="a">xxi, 256 p. :</subfield>
    <subfield code="b">ill. ;</subfield>
    <subfield code="c">22 cm.</subfield>
  </datafield>
  <datafield tag="490" ind1=" " ind2=" ">
    <subfield code="a">Milestones.</subfield>
  </datafield>
  <datafield tag="504" ind1=" " ind2=" ">
    <subfield code="a">Includes index.</subfield>
  </datafield>
  <datafield tag="520" ind1=" " ind2=" ">
    <subfield code="a">"In ten concise chapters, Milestones in Music Education introduces the key developments and issues that have shaped the field of music education. Designed for undergraduate students, each chapter of the book is written by a different expert, bringing together many leading voices in the field. The ten chosen milestones represent breakthroughs in the field of music education that are relevant to today's educators, and enable teachers to understand the issues that have shaped the teaching of music over time. Topics covered include the origins of music education as a school subject, the impact of changing technology, the roles of popular music and notation, and racial justice in the music classroom. Featuring action suggestions and discussion questions in each chapter, this accessible book provides students with a foundation in the history and context of music education, and prepares them to engage with the social and philosophical aspects of teaching music as forward-thinking educators. Milestones are a range of accessible textbooks, breaking down the need-to-know moments in the social, cultural, political and artistic development of foundational subject areas. This book is ideal for undergraduate courses in music education"-- Provided by publisher.</subfield>
  </datafield>
  <datafield tag="650" ind1=" " ind2=" ">
    <subfield code="a">Music</subfield>
    <subfield code="v">Instruction and study</subfield>
    <subfield code="x">History.</subfield>
  </datafield>
  <datafield tag="650" ind1=" " ind2=" ">
    <subfield code="a">Music</subfield>
    <subfield code="v">Instruction and study</subfield>
    <subfield code="x">Social aspects.</subfield>
  </datafield>
  <datafield tag="650" ind1=" " ind2=" ">
    <subfield code="a">Music</subfield>
    <subfield code="v">Instruction and study</subfield>
    <subfield code="x">Political aspects.</subfield>
  </datafield>
  <datafield tag="700" ind1=" " ind2=" ">
    <subfield code="a">Randles, Clint,</subfield>
    <subfield code="e">editor.</subfield>
  </datafield>
  <datafield tag="942" ind1=" " ind2=" ">
    <subfield code="2">lcc</subfield>
    <subfield code="c">BK</subfield>
  </datafield>
  <datafield tag="999" ind1=" " ind2=" ">
    <subfield code="c">366505</subfield>
    <subfield code="d">366505</subfield>
  </datafield>
  <datafield tag="952" ind1=" " ind2=" ">
    <subfield code="0">0</subfield>
    <subfield code="1">0</subfield>
    <subfield code="2">lcc</subfield>
    <subfield code="4">0</subfield>
    <subfield code="a">CL</subfield>
    <subfield code="b">CL</subfield>
    <subfield code="c">RES</subfield>
    <subfield code="d">2024-10-11</subfield>
    <subfield code="e">Library Fund</subfield>
    <subfield code="l">0</subfield>
    <subfield code="o">MT 1 .M55 2024</subfield>
    <subfield code="p">C23779</subfield>
    <subfield code="r">2024-10-11 00:00:00</subfield>
    <subfield code="w">2024-10-11</subfield>
    <subfield code="y">BK</subfield>
  </datafield>
</record>
